[Event "Gaia Profigaia op 8th"]
[Site "Vila Nova de Gaia"]
[Date "2015.06.27"]
[Round "2"]
[White "Marques, Mario Rui Lopes"]
[Black "Alves, Antonio Ricardo Lou"]
[Result "0-1"]
[WhiteElo "1331"]
[BlackElo "1742"]
[PlyCount "64"]
[EventDate "2015.06.27"]
[EventType "swiss"]
[EventRounds "9"]
[EventCountry "POR"]
[SourceTitle "EXT 2018"]
[Source "ChessBase"]
[SourceDate "2017.10.13"]
[SourceVersion "1"]
[SourceVersionDate "2017.10.13"]
[SourceQuality "1"]

1. e4 c6 2. Nc3 d5 3. d4 dxe4 4. Nxe4 Nd7 5. Bf4 Ngf6 6. Bd3 Nxe4 7. Bxe4 Nf6 8. Qd3 e6 9. Nf3 Be7 10. 0-0 h6 11. Ne5 Nxe4 12. Qxe4 Bf6 13. Rad1 Qd5 14. Qxd5 exd5 15. Nf3 0-0 16. Rfe1 Bf5 17. c3 Rfe8 18. Re3 Rxe3 19. fxe3 Re8 20. Re1 g5 21. Be5 Be7 22. h3 h5 23. Kf2 f6 24. g4 hxg4 25. hxg4 Bxg4 26. Nh2 Bf5 27. Bg3 Kg7 28. Nf3 a6 29. a3 Bd8 30. Bd6 Rh8 31. Nxg5 fxg5 32. Be5+ Bf6 0-1

[Event "POR-ch U16"]
[Site "Luso"]
[Date "2014.07.24"]
[Round "3"]
[White "Marques, Mario Rui Lopes"]
[Black "Silva, Mariana Sofia Teixe"]
[Result "0-1"]
[WhiteElo "1363"]
[BlackElo "1622"]
[PlyCount "92"]
[EventDate "2014.07.23"]
[EventType "swiss"]
[EventRounds "7"]
[EventCountry "POR"]
[SourceTitle "EXT 2015"]
[Source "ChessBase"]
[SourceDate "2014.11.20"]
[SourceVersion "1"]
[SourceVersionDate "2014.11.20"]
[SourceQuality "1"]

1. e4 e6 2. d4 d5 3. e5 c5 4. c3 Nc6 5. Nf3 Qb6 6. Be2 Bd7 7. Nbd2 cxd4 8. cxd4 Nxd4 9. 0-0 Nxe2+ 10. Qxe2 Bb5 11. Qe1 Bxf1 12. Nxf1 Bc5 13. Ng3 Ne7 14. Qe2 0-0 15. Bg5 Nc6 16. Nh4 Be7 17. Be3 d4 18. Bh6 gxh6 19. Nh5 Rfd8 20. Qg4+ Kf8 21. Qg7+ Ke8 22. Nf6+ Bxf6 23. exf6 Qc5 24. Qg8+ Qf8 25. Qxh7 Rac8 26. Re1 Kd7 27. b4 a6 28. a4 b5 29. axb5 axb5 30. Rc1 Kc7 31. Ng6 Qg8 32. Rxc6+ Kxc6 33. Ne7+ Kb7 34. Qe4+ Ka7 35. Nxc8+ Rxc8 36. Qxd4+ Kb7 37. Qd7+ Ka8 38. g3 Qe8 39. Qd1 Qc6 40. Qa1+ Kb7 41. Qd4 Qd5 42. Qf4 h5 43. Qe3 Rc4 44. Qe1 Qc6 45. Qf1 Rc1 46. Qd1 Rxd1# 0-1

[Event "POR-ch U16"]
[Site "Luso"]
[Date "2014.07.23"]
[Round "1"]
[White "Dias, Ivo Rodrigues"]
[Black "Marques, Mario Rui Lopes"]
[Result "1-0"]
[WhiteElo "1995"]
[BlackElo "1363"]
[PlyCount "75"]
[EventDate "2014.07.23"]
[EventType "swiss"]
[EventRounds "7"]
[EventCountry "POR"]
[SourceTitle "EXT 2015"]
[Source "ChessBase"]
[SourceDate "2014.11.20"]
[SourceVersion "1"]
[SourceVersionDate "2014.11.20"]
[SourceQuality "1"]

1. e4 e5 2. Nc3 Nf6 3. g3 Bc5 4. Bg2 d6 5. Na4 Bb6 6. Nxb6 axb6 7. Ne2 0-0 8. 0-0 Be6 9. d4 Qd7 10. Re1 Bh3 11. Bh1 Nc6 12. Bg5 Ng4 13. dxe5 Ncxe5 14. Nf4 f6 15. Nxh3 fxg5 16. f3 Ne3 17. Rxe3 Qxh3 18. Qd5+ Rf7 19. Qxb7 Raf8 20. Qd5 Kh8 21. a4 Ng4 22. Re2 Nxh2 23. Rxh2 Qxg3+ 24. Rg2 Qxf3 25. Qd3 Qf4 26. Re1 g4 27. Qg3 Qf6 28. e5 dxe5 29. Qxe5 Qc6 30. Rf2 Rf3 31. Bxf3 gxf3 32. Re3 Qg6+ 33. Kf1 Qc6 34. Qe4 Qh6 35. Rexf3 Rg8 36. Rf8 Qh5 37. Rxg8+ Kxg8 38. Qe6+ 1-0

[Event "Gaia Profigaia op 7th"]
[Site "Vila Nova de Gaia"]
[Date "2014.06.30"]
[Round "5"]
[White "Marques, Mario Rui Lopes"]
[Black "Sousa, Hugo Carneiro"]
[Result "0-1"]
[WhiteElo "1363"]
[BlackElo "1581"]
[PlyCount "54"]
[EventDate "2014.06.28"]
[EventType "swiss"]
[EventRounds "9"]
[EventCountry "POR"]
[SourceTitle "CBM 161 Extra"]
[Source "ChessBase"]
[SourceDate "2014.08.29"]
[SourceVersion "1"]
[SourceVersionDate "2014.08.29"]
[SourceQuality "1"]

1. e4 e6 2. d4 d5 3. Nc3 Nf6 4. e5 Nfd7 5. Nf3 c5 6. Be3 Nc6 7. a3 cxd4 8. Bxd4 Nxd4 9. Qxd4 Bc5 10. Qg4 0-0 11. Bd3 h6 12. 0-0 Qc7 13. Rfe1 b6 14. Qh4 a5 15. Nb5 Qd8 16. Qh5 Be7 17. Nfd4 Nc5 18. Nc6 Qd7 19. Nxe7+ Qxe7 20. Rad1 Ba6 21. Nc3 Rac8 22. Re3 f6 23. Bxa6 Nxa6 24. Rg3 fxe5 25. Qxh6 Qf6 26. Qh3 Qxf2+ 27. Kh1 Qf1+ 0-1

[Event "Gaia Profigaia op 7th"]
[Site "Vila Nova de Gaia"]
[Date "2014.06.29"]
[Round "3"]
[White "Marques, Mario Rui Lopes"]
[Black "Fernandes, Tiago Saraiva"]
[Result "0-1"]
[WhiteElo "1363"]
[BlackElo "1601"]
[PlyCount "72"]
[EventDate "2014.06.28"]
[EventType "swiss"]
[EventRounds "9"]
[EventCountry "POR"]
[SourceTitle "CBM 161 Extra"]
[Source "ChessBase"]
[SourceDate "2014.08.29"]
[SourceVersion "1"]
[SourceVersionDate "2014.08.29"]
[SourceQuality "1"]

1. e4 c5 2. Nc3 Nc6 3. Bb5 g6 4. Nf3 Bg7 5. 0-0 a6 6. Ba4 b5 7. Bxb5 axb5 8. Nxb5 Ba6 9. c4 Nf6 10. Re1 0-0 11. d4 Nxd4 12. Nbxd4 cxd4 13. Qxd4 Rc8 14. b3 Qc7 15. Bb2 d6 16. e5 dxe5 17. Nxe5 Rfd8 18. Qf4 e6 19. Qg5 Nd7 20. Nd3 Bxb2 21. Nxb2 Qb6 22. Rad1 Nc5 23. Rb1 Bb7 24. Qe7 Rd7 25. Na4 Qc6 26. Qg5 Nxa4 27. bxa4 Qxa4 28. c5 Qc6 29. Qg4 Rd5 30. Qf3 Rcd8 31. h4 Qa6 32. Qf4 Qc6 33. Qf3 Ba8 34. Rbd1 Rxd1 35. Rxd1 Rxd1+ 36. Qxd1 Qxg2# 0-1

[Event "POR-ch U16"]
[Site "Braga"]
[Date "2013.08.04"]
[Round "3.15"]
[White "Marques, Mario Rui Lopes"]
[Black "Raposo, Ines"]
[Result "1-0"]
[WhiteElo "1265"]
[BlackElo "1444"]
[PlyCount "99"]
[EventDate "2013.08.02"]
[EventType "swiss"]
[EventRounds "7"]
[EventCountry "POR"]
[SourceTitle "EXT 2015"]
[Source "ChessBase"]
[SourceDate "2014.11.20"]
[SourceVersion "1"]
[SourceVersionDate "2014.11.20"]
[SourceQuality "1"]

1. e4 e6 2. g3 d5 3. Bg2 dxe4 4. Bxe4 Nf6 5. Bg2 c5 6. Ne2 Bd6 7. 0-0 0-0 8. d4 Nc6 9. Nbc3 cxd4 10. Nxd4 Nxd4 11. Qxd4 Be7 12. Be3 Qxd4 13. Bxd4 Rd8 14. Rad1 a6 15. Rd3 Nd5 16. Nxd5 exd5 17. Bb6 Rd6 18. Bc5 Rd7 19. Bxe7 Rxe7 20. Rxd5 Be6 21. Re5 Rae8 22. Rfe1 Kf8 23. a3 Bc8 24. Rxe7 Rxe7 25. Rxe7 Kxe7 26. Kf1 b6 27. Ke2 Bf5 28. c3 Kd6 29. Ke3 Be6 30. Kd4 f6 31. b4 Bc8 32. c4 Ke7 33. Bd5 Kd6 34. c5+ bxc5+ 35. bxc5+ Kc7 36. Kc4 Bb7 37. Bxb7 Kxb7 38. Kd5 Kc7 39. c6 a5 40. a4 h5 41. f4 g6 42. h3 g5 43. fxg5 fxg5 44. g4 h4 45. Kc5 Kc8 46. Kb6 Kb8 47. Kxa5 Kc7 48. Kb5 Kb8 49. Kb6 Ka8 50. a5 1-0

[Event "POR-ch U16"]
[Site "Braga"]
[Date "2013.08.02"]
[Round "1.12"]
[White "Marques, Mario Rui Lopes"]
[Black "Valente, Joao Nuno Baptista"]
[Result "0-1"]
[WhiteElo "1265"]
[BlackElo "1663"]
[PlyCount "148"]
[EventDate "2013.08.02"]
[EventType "swiss"]
[EventRounds "7"]
[EventCountry "POR"]
[SourceTitle "EXT 2015"]
[Source "ChessBase"]
[SourceDate "2014.11.20"]
[SourceVersion "1"]
[SourceVersionDate "2014.11.20"]
[SourceQuality "1"]

1. e4 c5 2. Nf3 Nc6 3. g3 e6 4. Nc3 d5 5. Bg2 Nf6 6. d3 dxe4 7. dxe4 Qxd1+ 8. Nxd1 Nxe4 9. Ne5 Nxe5 10. Bxe4 Be7 11. 0-0 Rb8 12. Nc3 Bd7 13. Bf4 Bf6 14. a3 g5 15. Be3 b6 16. Bg2 Bc6 17. Be4 Rc8 18. Rab1 Nc4 19. Bxc6+ Rxc6 20. Nb5 a6 21. Nc3 Bxc3 22. bxc3 g4 23. a4 Ke7 24. Rfe1 Rd8 25. Bf4 Nd2 26. Bxd2 Rxd2 27. Rb2 Rcd6 28. Kf1 Kd7 29. Re2 Rd1+ 30. Re1 Kc6 31. c4 R1d4 32. Reb1 Rd1+ 33. Ke2 R6d2+ 34. Ke3 Rxb1 35. Rxb1 Rxc2 36. a5 bxa5 37. Ra1 Rxc4 38. Rxa5 Kb6 39. Ra3 a5 40. Rd3 a4 41. Rd8 Kb5 42. Rb8+ Ka5 43. Kd3 Rb4 44. Rc8 Kb6 45. Ra8 Rb3+ 46. Kc4 Rf3 47. Rxa4 Rxf2 48. Kb3 f5 49. Ra8 Kc6 50. Kc4 Rxh2 51. Ra6+ Kd7 52. Kxc5 Ke7 53. Kd4 Kf6 54. Ke3 Rh3 55. Kf4 Rh1 56. Ke3 Rf1 57. Ke2 Rf3 58. Ra7 Rxg3 59. Rxh7 Ra3 60. Rh6+ Ke5 61. Kf2 Rh3 62. Rxh3 gxh3 63. Kg3 Ke4 64. Kxh3 Kf3 65. Kh2 Kf2 66. Kh3 e5 67. Kh2 e4 68. Kh1 e3 69. Kh2 e2 70. Kh3 e1Q 71. Kh4 Qg1 72. Kh5 Qg7 73. Kh4 Qg6 74. Kh3 Qg3# 0-1